00797 2200265 4500001002100000005001700021008004100038020002200079035002500101040001200126082001400138084001600152100001600168245015000184250001900334260002700353300002500380650001600405700002700421700001700448850001200465990001800477990001800495990001800513INLIS00000000000521220150908081344.0  a978-979-29-3981-1 a0010-051500000000345 aYOPDYOG 223a155.2 a155.2 Cai Q aCAIN, Susan aQuietb: Kekuatan introvert di dalam dunia yang tidak bisa berhenti bicarac/ Susan Cain; Penerjemah, Mawar Amelia Pasaribu; Editor, Nikodemus WK aEd. 1 , Cet. 1 aYogyakartabAndic2013 ax, 410 hlm.c; 23 cm aKepribadian aPASARIBU, Mawar Amelia aNIKODEMUS WK aYOPDYOG a15584-PD/B.15 a15585-PD/B.15 a15586-PD/B.15